Violencia y sociedad (Record no. 47177)
[ view plain ]
| 000 -LEADER | |
|---|---|
| fixed length control field | 01365nam a22002777a 4500 |
| 005 - DATE AND TIME OF LATEST TRANSACTION | |
| control field | 20241008100417.0 |
| 008 - FIXED-LENGTH DATA ELEMENTS--GENERAL INFORMATION | |
| fixed length control field | 131218t mx||||| |||| 00| 0 spa d |
| 020 ## - INTERNATIONAL STANDARD BOOK NUMBER | |
| International Standard Book Number | 9786074241839 |
| 050 04 - LIBRARY OF CONGRESS CALL NUMBER | |
| Classification number | HN110.5.Z9 |
| Item number | V56 2010 |
| 245 00 - TITLE STATEMENT | |
| Title | Violencia y sociedad |
| Remainder of title | : un hito en la historia de las izquierdas en América Latina |
| Statement of responsibility, etc | / editores Veronica Oikión Solano, Miguel Ángel Urrego Ardila. |
| 250 ## - EDITION STATEMENT | |
| Edition statement | 1a ed. |
| 260 ## - PUBLICATION, DISTRIBUTION, ETC. (IMPRINT) | |
| Place of publication, distribution, etc | Morelia, Michoacán de Ocampo, México : |
| Name of publisher, distributor, etc | UMSNH , Instituto de Investigaciones Históricas : El Colegio de Michoacán, |
| Date of publication, distribution, etc | 2010 |
| 300 ## - PHYSICAL DESCRIPTION | |
| Extent | 523 p. : |
| Other physical details | il. ; |
| Dimensions | 23 cm. |
| 504 ## - BIBLIOGRAPHY, ETC. NOTE | |
| Bibliography, etc | Incluye bibliografía e índice |
| 650 #7 - SUBJECT ADDED ENTRY--TOPICAL TERM | |
| Source of heading or term | LEMB |
| Topical term or geographic name as entry element | Violencia política |
| General subdivision | Historia |
| Chronological subdivision | Siglo XX |
| Geographic subdivision | Latino América |
| 650 #7 - SUBJECT ADDED ENTRY--TOPICAL TERM | |
| Source of heading or term | LEMB |
| Topical term or geographic name as entry element | Guerrillas |
| General subdivision | Historia |
| Chronological subdivision | Siglo XX |
| Geographic subdivision | Latino América |
| 650 #7 - SUBJECT ADDED ENTRY--TOPICAL TERM | |
| Source of heading or term | LEMB |
| Topical term or geographic name as entry element | Socialismo |
| General subdivision | Historia |
| Chronological subdivision | Siglo XX |
| Geographic subdivision | Latino América |
| 651 #7 - SUBJECT ADDED ENTRY--GEOGRAPHIC NAME | |
| Source of heading or term | LEMB |
| Geographic name | Latino América |
| General subdivision | Política de gobierno |
| Chronological subdivision | Siglo XX |
| 651 #7 - SUBJECT ADDED ENTRY--GEOGRAPHIC NAME | |
| Source of heading or term | LEMB |
| Geographic name | México |
| General subdivision | Violencia política |
| Chronological subdivision | Siglo XX |
| 700 1# - ADDED ENTRY--PERSONAL NAME | |
| Personal name | Okión Solano, Verónica, |
| Dates associated with a name | [1955- ] |
| Relator term | ed. |
| 700 1# - ADDED ENTRY--PERSONAL NAME | |
| Personal name | Urrego Ardila, Miguel Ángel, |
| Dates associated with a name | [1960- ] |
| Relator term | ed. |
| 710 2# - ADDED ENTRY--CORPORATE NAME | |
| Corporate name or jurisdiction name as entry element | Univerisdad Michoacana de San Nicolás de Hidalgo, |
| Subordinate unit | Instituto de Investigaciones Históricas |
| 710 2# - ADDED ENTRY--CORPORATE NAME | |
| Corporate name or jurisdiction name as entry element | El Colegio de Michoacán |
| 710 1# - ADDED ENTRY--CORPORATE NAME | |
| Corporate name or jurisdiction name as entry element | México. |
| Subordinate unit | Centro Público de Investigación Conacyt |
| 942 ## - ADDED ENTRY ELEMENTS (KOHA) | |
| Source of classification or shelving scheme | Biblioteca del Cogreso de los Estados Unidos |
| Koha item type | Libro |
| Estado de pérdida | Fuente de clasificación | Estado del daño | No para préstamo | Ubicación permanente | Ubicación actual | Apartado o colección | Fecha de adquisición | Dependencia de educación superior (DES) | Área del conocimiento | Clasificación | Código de Barras | Date last seen | Número de copia | Tipo de recurso | Nota pública | Edición | Costo por reposición | Total Checkouts | Fuente de adquisición |
|---|---|---|---|---|---|---|---|---|---|---|---|---|---|---|---|---|---|---|---|
| Biblioteca del Cogreso de los Estados Unidos | Uso interno Biblioteca | Biblioteca de la Facultad de Economía | Biblioteca de la Facultad de Economía | General | 08/10/2024 | Ciencias Económico Administrativas | Ciencias Sociales y Administrativas | HN110.5.Z9 V56 2010 | BFE000016512 | 08/10/2024 | 1 | Libro | 1a ed. | 1.00 | Unidad Académica | ||||
| Biblioteca del Cogreso de los Estados Unidos | Biblioteca de la Preparatoria Melchor Ocampo | Biblioteca de la Preparatoria Melchor Ocampo | General | 18/09/2023 | Ciencias Sociales y Administrativas | HN110 .5 .Z9 V56 2010 | pmo000000599 | 18/09/2023 | C: 1 | Libro | 1a. ed. | 1.00 | |||||||
| Biblioteca del Cogreso de los Estados Unidos | Biblioteca del Instituto de Investigaciones Históricas | Biblioteca del Instituto de Investigaciones Históricas | General | 18/12/2013 | HN110 .5 .Z9 V56 2010 | IIH000010641 | 18/12/2013 | C:1 | Libro | GENERAL | |||||||||
| Biblioteca del Cogreso de los Estados Unidos | Biblioteca del Instituto de Investigaciones Históricas | Biblioteca del Instituto de Investigaciones Históricas | General | 19/12/2013 | HN110 .5 .Z9 V56 2010 | IIH000010642 | 19/12/2013 | C:2 | Libro | GENERAL | |||||||||
| Biblioteca del Cogreso de los Estados Unidos | Biblioteca del Instituto de Investigaciones Históricas | Biblioteca del Instituto de Investigaciones Históricas | General | 19/12/2013 | HN110 .5 .Z9 V56 2010 | IIH000010643 | 19/12/2013 | C:3 | Libro | GENERAL | 1a ed. | 1.00 |